Statistics for Every Freddie and the Dreamers song that hit the Billboard hot 100

Click here to take the quiz!

General Stats

  • This quiz has been taken 3 times
  • The average score is 1 of 5

Answer Stats

Peak Chart PositionYearSong% Correct
11965I'm Telling You Now
100%
181965Do The Freddie
33%
211965You Were Made For Me
0%
361965I Understand (Just How You Feel)
0%
481965A Little You
0%

Score Distribution

Percentile by Number Answered

Percent of People with Each Score

Your Score History

You have not taken this quiz